| Tag |
First Indicator |
Second Indicator |
Subfields |
| LEADER |
00000cam a2200000M 4500 |
| 001 |
in00002011024 |
| 005 |
20151031160510.0 |
| 008 |
850521s1937 fr f b 000 0 fre |
| 010 |
|
|
|a 38035139
|
| 035 |
|
|
|a (OCoLC)ocm23396528
|
| 040 |
|
|
|a DLC
|c EYM
|d OCLCQ
|d TXA
|d UtOrBLW
|
| 043 |
|
|
|a e-fr---
|
| 049 |
|
|
|a TXAM
|
| 050 |
0 |
0 |
|a NA5549.E8
|b B6
|
| 090 |
|
|
|a NA5549.E8
|b B6 1937
|
| 100 |
1 |
|
|a Bonnenfant, Georges,
|d 1876-
|
| 245 |
1 |
0 |
|a Églises rurales du département de l'Eure ;
|b ouvrage illustré de 624 héliotypies d'après les clichés de l'auteur ...
|
| 264 |
|
1 |
|a Paris :
|b A. Picard,
|c 1937.
|
| 300 |
|
|
|a 2 volumes :
|b CL plate ;
|c 33 x 26 cm.
|
| 336 |
|
|
|a text
|b txt
|2 rdacontent
|
| 337 |
|
|
|a unmediated
|b n
|2 rdamedia
|
| 338 |
|
|
|a volume
|b nc
|2 rdacarrier
|
| 500 |
|
|
|a At head of title: Chanoine Bonnenfant.
|
| 500 |
|
|
|a Paged continuously.
|
| 504 |
|
|
|a Includes bibliographical references.
|
| 650 |
|
0 |
|a Rural churches
|z France
|z Eure.
|
| 650 |
|
0 |
|a Church architecture
|z France
|z Eure.
|
| 650 |
|
0 |
|a Art
|z France
|z Eure.
|
| 948 |
|
|
|a cataloged
|b h
|c 2005/2/24
|d c
|e jgreene
|f 5:19:29 pm
|
| 994 |
|
|
|a C0
|b TXA
|
| 999 |
|
|
|a MARS
|
| 999 |
f |
f |
|s 63acbc10-e153-34e9-8f77-82667a593dff
|i 38d1fff8-2162-3d2b-9d64-4427f057377e
|t 0
|
| 952 |
f |
f |
|p ric
|a Texas A&M University
|b Rellis Campus
|c Joint Library Facility
|d Remote Storage
|t 0
|e NA5549.E8 B6 1937
|f Oversize
|h Library of Congress classification
|i unmediated -- volume
|k t.2
|m A14832309136
|
| 952 |
f |
f |
|p ric
|a Texas A&M University
|b Rellis Campus
|c Joint Library Facility
|d Remote Storage
|t 0
|e NA5549.E8 B6 1937
|f Oversize
|h Library of Congress classification
|i unmediated -- volume
|k t.1
|m A14832309615
|
| 998 |
f |
f |
|a NA5549.E8 B6 1937
|s t.1-2
|t 0
|l Remote Storage
|